Eminem songs - Statistics

General Stats
  • This quiz has been taken 407 times
    29 since last reset
  • The average score is 15 of 16
Answers on the Grid
Answers color-coded by a green-red scale on the quiz's grid according to % correct below.
Mockingbird
drop it like its hot
Rap God
Lucid dreams
Houdini
Sound of da cops
Lose yourself
My philosophy
Godzilla
Hip Hop lives
Superman
9MM-goes bang
Tobey
The MC
Love the way you lie
Black Black Black
Killshot
Outta Here
The Monster
Why Is That?
Gnat
Shake That
The way I Am
East Coast West Coast Killa
Just Lose It
Criminal Minded
Without Me
Raw Hip Hop
The Real Slim Shady
Balumbalang
 
Answer Stats
Answer % Correct
Godzilla
100%
Houdini
100%
Lose yourself
100%
Mockingbird
100%
Rap God
100%
Superman
100%
Love the way you lie
96%
The Monster
96%
The Real Slim Shady
96%
Without Me
96%
Killshot
93%
Just Lose It
89%
The way I Am
82%
Tobey
82%
Shake That
71%
Gnat
68%
No matching quizzes found
Score Distribution
Percent of People with Each Score
Percentile by Number Answered
Your Score History
You have not taken this quiz since the last reset